000
002520000a22001210004500
041
0
_a
EspaƱol
082
0
4
_a
CD 108-4
110
1
_a
Editorial Planeta de agostini
245
1
0
_a
Cuentilandia
505
0
0
_a
Cuentoa infantiles
001
1955
942
_c
LGB
999
_c
49106
_d
49106